Statistiques concernant Axes routiers principaux en Saône et Loire

Cliquez ici pour prendre le quiz!

Statistiques générales

  • Ce quiz a été pris 11 fois
  • Le résultat moyen est 5 sur 12

Statistiques - réponses

Type de RouteDépartArrivéeNom% Correct
AutorouteParisLyonA6
100%
AutorouteMontmaraultDigoinA79
67%
AutorouteDijonViriatA39
56%
AutorouteMâconPassyA40
56%
NationaleParay le MonialMontchaninN70
44%
NationaleDigoinMâconN79
44%
AutorouteMâconSaint André de BâgéA406
33%
DépartementaleChagnyRomanèche-ThorinsD906
33%
NationaleChalon Sur SaôneBesançonN73
33%
NationaleMontchaninChalon Sur SaôneN80
33%
DépartementaleBourbon-LancyPouilloux (N70)D60
22%
DépartementaleLaizyDigoinD994
22%

Distribution des résultats

Percentile par nombre de réponses

% des personnes avec chaque résultat

Votre développement - résultats

Vous n’avez pas pris ce quiz